World Capitals Ending in -T - Statistics

General Stats
  • This quiz has been taken 486 times
  • The average score is 4 of 8
Answer Stats
Answer % Correct
Ashgabat
77%
Tashkent
72%
Rabat
65%
Beirut
62%
Muscat
49%
Budapest
40%
Bucharest
38%
Nouakchott
33%
No matching quizzes found
Score Distribution
Percent of People with Each Score
Percentile by Number Answered
Your Score History
You have not taken this quiz